rhyme time - Statistics

General Stats
  • This quiz has been taken 18 times
  • The average score is 42 of 45
Answer Stats
Question Tile Select % Correct
that rhymes with cry apple No
100%
that rhymes with cry beaver No
100%
that rhymes with cake break Yes
100%
that rhymes with cry cape No
100%
that rhymes with lime climb Yes
100%
that rhymes with pie kangeroo No
100%
that rhymes with lime lemon No
100%
that rhymes with cake lemon No
100%
that rhymes with cake lie No
100%
that rhymes with pie look No
100%
that rhymes with grape lost No
100%
that rhymes with cry ok No
100%
that rhymes with cake orange No
100%
that rhymes with lime poll No
100%
that rhymes with cake puppy No
100%
that rhymes with grape purple No
100%
that rhymes with grape Quiet No
100%
that rhymes with grape red No
100%
that rhymes with lime rhyme Yes
100%
that rhymes with lime squirell No
100%
that rhymes with lime stab No
100%
that rhymes with cake sweet No
100%
that rhymes with cry try Yes
100%
that rhymes with pie war No
100%
that rhymes with cry worst No
100%
that rhymes with pie wrote No
100%
that rhymes with grape ape Yes
94%
that rhymes with pie cry Yes
94%
that rhymes with lime dime Yes
94%
that rhymes with cake flake Yes
94%
that rhymes with pie goat No
94%
that rhymes with lime grime Yes
94%
that rhymes with cry high Yes
94%
that rhymes with pie i Yes
94%
that rhymes with cake lake Yes
94%
that rhymes with cry lie Yes
94%
that rhymes with pie lie Yes
94%
that rhymes with cry pie Yes
94%
that rhymes with cake steak Yes
94%
that rhymes with lime time Yes
94%
that rhymes with grape cape Yes
89%
that rhymes with pie my Yes
89%
that rhymes with grape crate Yes
22%
that rhymes with grape eight Yes
22%
that rhymes with grape late Yes
17%
No matching quizzes found
Score Distribution
Percent of People with Each Score
Percentile by Number Answered
Your Score History
You have not taken this quiz